Truyện Vương Tường Truyện thơ khuyết danh
Na minha lista:
| Formato: | Livro |
|---|---|
| Idioma: | Undetermined |
| Publicado em: |
Cần Thơ
Viện Đại hoc Cần Thơ
1967
|
| Assuntos: | |
| Tags: |
Adicionar Tag
Sem tags, seja o primeiro a adicionar uma tag!
|
| Thư viện lưu trữ: | Trung tâm Học liệu Trường Đại học Cần Thơ |
|---|
| LEADER | 00465nam a2200157Ia 4500 | ||
|---|---|---|---|
| 001 | CTU_10793 | ||
| 008 | 210402s9999 xx 000 0 und d | ||
| 082 | |a 895.92211 | ||
| 082 | |b Tr527 | ||
| 245 | 0 | |a Truyện Vương Tường | |
| 245 | 0 | |b Truyện thơ khuyết danh | |
| 260 | |a Cần Thơ | ||
| 260 | |b Viện Đại hoc Cần Thơ | ||
| 260 | |c 1967 | ||
| 650 | |a vietnamese poetry | ||
| 980 | |a Trung tâm Học liệu Trường Đại học Cần Thơ | ||